L'informatique

Guardado en:
Detalles Bibliográficos
Formato: Libro
Lenguaje:Undetermined
Publicado: Paris, France Hachette 1972
Materias:
Etiquetas: Agregar Etiqueta
Sin Etiquetas, Sea el primero en etiquetar este registro!
Thư viện lưu trữ: Trung tâm Học liệu Trường Đại học Cần Thơ
LEADER 00413nam a2200157Ia 4500
001 CTU_104612
008 210402s9999 xx 000 0 und d
082 |a 004 
082 |b I.43 
245 0 |a L'informatique 
260 |a Paris, France 
260 |b Hachette 
260 |c 1972 
650 |a Information science,Khoa học thông tin 
904 |i Minh 
980 |a Trung tâm Học liệu Trường Đại học Cần Thơ